Hamburg Full Squads (2000-) - Statistics

General Stats
  • This quiz has been taken 174 times
    173 since last reset
  • The average score is 254 of 625
Answer Stats
Year # Pos/Country Answer % Correct
2019-2020 1 GK Daniel Heuer Fernandes
84%
2020-2021 1 GK Daniel Heuer Fernandes
84%
2021-2022 1 GK Daniel Heuer Fernandes
84%
2022-2023 1 GK Daniel Heuer Fernandes
84%
2023-2024 1 GK Daniel Heuer Fernandes
84%
2024-2025 1 GK Daniel Heuer Fernandes
84%
2010-2011 40 FW Heung-min Son
83%
2011-2012 15 FW Heung-min Son
83%
2012-2013 40 FW Heung-min Son
83%
2005-2006 23 MF Rafael van der Vaart
80%
2006-2007 23 MF Rafael van der Vaart
80%
2007-2008 23 MF Rafael van der Vaart
80%
2012-2013 23 MF Rafael van der Vaart
80%
2013-2014 23 MF Rafael van der Vaart
80%
2014-2015 23 MF Rafael van der Vaart
80%
2006-2007 11 FW Ivica Olic
75%
2007-2008 11 FW Ivica Olic
75%
2008-2009 11 FW Ivica Olic
75%
2014-2015 8 FW Ivica Olic
75%
2015-2016 11 FW Ivica Olic
75%
2024-2025 27 FW Davie Selke
73%
2021-2022 9 FW Robert Glatzel
73%
2022-2023 9 FW Robert Glatzel
73%
2023-2024 9 FW Robert Glatzel
73%
2024-2025 9 FW Robert Glatzel
73%
2022-2023 27 FW Jean-Luc Dompé
72%
2023-2024 27 FW Jean-Luc Dompé
72%
2024-2025 7 FW Jean-Luc Dompé
72%
2006-2007 9 FW Paolo Guerrero
72%
2007-2008 9 FW Paolo Guerrero
72%
2008-2009 9 FW Paolo Guerrero
72%
2009-2010 9 FW Paolo Guerrero
72%
2010-2011 9 FW Paolo Guerrero
72%
2011-2012 9 FW Paolo Guerrero
72%
2022-2023 11 FW Ransford Königsdörffer
72%
2023-2024 11 FW Ransford Königsdörffer
72%
2024-2025 11 FW Ransford Königsdörffer
72%
2012-2013 15 GK René Adler
72%
2013-2014 15 GK René Adler
72%
2014-2015 15 GK René Adler
72%
2015-2016 15 GK René Adler
72%
2016-2017 1 GK René Adler
72%
2016-2017 18 FW Bakery Jatta
71%
2017-2018 18 FW Bakery Jatta
71%
2018-2019 18 FW Bakery Jatta
71%
2019-2020 18 FW Bakery Jatta
71%
2020-2021 18 FW Bakery Jatta
71%
2021-2022 18 FW Bakery Jatta
71%
2022-2023 18 FW Bakery Jatta
71%
2023-2024 18 FW Bakery Jatta
71%
2024-2025 18 FW Bakery Jatta
71%
2021-2022 14 MF Ludovit Reis
71%
2022-2023 14 MF Ludovit Reis
71%
2023-2024 14 MF Ludovit Reis
71%
2024-2025 14 MF Ludovit Reis
71%
2014-2015 3 DF Cléber Reis
69%
2015-2016 3 DF Cléber Reis
69%
2016-2017 3 DF Cléber Reis
69%
2013-2014 9 MF Hakan Çalhanoğlu
69%
2010-2011 45 GK Jaroslav Drobný
69%
2011-2012 1 GK Jaroslav Drobný
69%
2012-2013 1 GK Jaroslav Drobný
69%
2013-2014 1 GK Jaroslav Drobný
69%
2014-2015 1 GK Jaroslav Drobný
69%
2015-2016 1 GK Jaroslav Drobný
69%
2005-2006 27 MF Alexander Laas
68%
2006-2007 27 MF Alexander Laas
68%
2007-2008 27 MF Alexander Laas
68%
2003-2004 30 FW Eren Şen
68%
2015-2016 36 GK Tom Mickel
68%
2018-2019 12 GK Tom Mickel
68%
2006-2007 35 GK Frank Rost
67%
2007-2008 1 GK Frank Rost
67%
2008-2009 1 GK Frank Rost
67%
2009-2010 1 GK Frank Rost
67%
2010-2011 1 GK Frank Rost
67%
2013-2014 20 FW Pierre-Michel Lasogga
67%
2014-2015 10 FW Pierre-Michel Lasogga
67%
2015-2016 10 FW Pierre-Michel Lasogga
67%
2016-2017 10 FW Pierre-Michel Lasogga
67%
2018-2019 10 FW Pierre-Michel Lasogga
67%
2021-2022 4 DF Sebastian Schonlau
67%
2022-2023 4 DF Sebastian Schonlau
67%
2023-2024 4 DF Sebastian Schonlau
67%
2024-2025 4 DF Sebastian Schonlau
67%
2006-2007 10 DF Vincent Kompany
67%
2007-2008 10 DF Vincent Kompany
67%
2008-2009 10 DF Vincent Kompany
67%
2021-2022 28 DF Miro Muheim
65%
2022-2023 28 DF Miro Muheim
65%
2023-2024 28 DF Miro Muheim
65%
2024-2025 28 DF Miro Muheim
65%
2008-2009 10 FW Mladen Petric
65%
2009-2010 10 FW Mladen Petric
65%
2010-2011 10 FW Mladen Petric
65%
2011-2012 10 FW Mladen Petric
65%
2012-2013 10 FW Artjoms Rudnevs
64%
2013-2014 10 FW Artjoms Rudnevs
64%
2014-2015 16 FW Artjoms Rudnevs
64%
2015-2016 16 FW Artjoms Rudnevs
64%
2023-2024 10 MF Immanuel Pherai
64%
2024-2025 10 MF Immanuel Pherai
64%
2016-2017 9 DF Kyriakos Papadopoulos
62%
2017-2018 9 DF Kyriakos Papadopoulos
62%
2018-2019 9 DF Kyriakos Papadopoulos
62%
2019-2020 9 DF Kyriakos Papadopoulos
62%
2022-2023 2 DF William Mikelbrencis
62%
2023-2024 2 DF William Mikelbrencis
62%
2024-2025 2 DF William Mikelbrencis
62%
2021-2022 44 DF Mario Vuskovic
61%
2022-2023 44 DF Mario Vuskovic
61%
2022-2023 19 GK Matheo Raab
61%
2023-2024 19 GK Matheo Raab
61%
2024-2025 19 GK Matheo Raab
61%
2008-2009 7 DF Marcell Jansen
60%
2009-2010 7 DF Marcell Jansen
60%
2010-2011 7 DF Marcell Jansen
60%
2011-2012 7 DF Marcell Jansen
60%
2012-2013 7 DF Marcell Jansen
60%
2013-2014 7 DF Marcell Jansen
60%
2014-2015 7 DF Marcell Jansen
60%
2015-2016 14 MF Aaron Hunt
59%
2016-2017 14 MF Aaron Hunt
59%
2017-2018 14 MF Aaron Hunt
59%
2018-2019 14 MF Aaron Hunt
59%
2019-2020 14 MF Aaron Hunt
59%
2020-2021 14 MF Aaron Hunt
59%
2003-2004 14 MF David Jarolím
59%
2004-2005 14 MF David Jarolím
59%
2005-2006 14 MF David Jarolím
59%
2006-2007 14 MF David Jarolím
59%
2007-2008 14 MF David Jarolím
59%
2008-2009 14 MF David Jarolím
59%
2009-2010 14 MF David Jarolím
59%
2010-2011 14 MF David Jarolím
59%
2011-2012 14 MF David Jarolím
59%
2014-2015 27 MF Nicolai Müller
59%
2015-2016 27 MF Nicolai Müller
59%
2016-2017 27 MF Nicolai Müller
59%
2017-2018 27 MF Nicolai Müller
59%
2009-2010 16 FW Marcus Berg
58%
2011-2012 16 FW Marcus Berg
58%
2012-2013 16 FW Marcus Berg
58%
2015-2016 24 DF Gotoku Sakai
57%
2016-2017 24 DF Gotoku Sakai
57%
2017-2018 24 DF Gotoku Sakai
57%
2018-2019 24 DF Gotoku Sakai
57%
2010-2011 4 DF Heiko Westermann
57%
2011-2012 4 DF Heiko Westermann
57%
2012-2013 4 DF Heiko Westermann
57%
2013-2014 4 DF Heiko Westermann
57%
2014-2015 4 DF Heiko Westermann
57%
2014-2015 18 MF Lewis Holtby
57%
2015-2016 8 MF Lewis Holtby
57%
2016-2017 8 MF Lewis Holtby
57%
2017-2018 8 MF Lewis Holtby
57%
2018-2019 8 MF Lewis Holtby
57%
2004-2005 15 MF Piotr Trochowski
57%
2005-2006 15 MF Piotr Trochowski
57%
2006-2007 15 MF Piotr Trochowski
57%
2007-2008 15 MF Piotr Trochowski
57%
2008-2009 15 MF Piotr Trochowski
57%
2009-2010 15 MF Piotr Trochowski
57%
2010-2011 15 MF Piotr Trochowski
57%
2017-2018 4 DF Rick van Drongelen
57%
2018-2019 4 DF Rick van Drongelen
57%
2019-2020 4 DF Rick van Drongelen
57%
2020-2021 4 DF Rick van Drongelen
57%
2024-2025 17 MF Adam Karabec
56%
2015-2016 20 MF Albin Ekdal
56%
2016-2017 20 MF Albin Ekdal
56%
2017-2018 20 MF Albin Ekdal
56%
2021-2022 36 MF Anssi Suhonen
56%
2022-2023 36 MF Anssi Suhonen
56%
2023-2024 36 MF Anssi Suhonen
56%
2017-2018 43 FW Tatsuya Ito
56%
2018-2019 11 FW Tatsuya Ito
56%
2008-2009 40 DF Dennis Aogo
55%
2009-2010 6 DF Dennis Aogo
55%
2010-2011 6 DF Dennis Aogo
55%
2011-2012 6 DF Dennis Aogo
55%
2012-2013 6 DF Dennis Aogo
55%
2016-2017 6 DF Douglas Santos
55%
2017-2018 6 DF Douglas Santos
55%
2018-2019 6 DF Douglas Santos
55%
2021-2022 23 MF Jonas Meffert
55%
2022-2023 23 MF Jonas Meffert
55%
2023-2024 23 MF Jonas Meffert
55%
2024-2025 23 MF Jonas Meffert
55%
2006-2007 5 DF Joris Mathijsen
55%
2007-2008 5 DF Joris Mathijsen
55%
2008-2009 5 DF Joris Mathijsen
55%
2009-2010 5 DF Joris Mathijsen
55%
2010-2011 5 DF Joris Mathijsen
55%
2014-2015 20 MF Marcelo Díaz
55%
2015-2016 21 MF Marcelo Díaz
55%
2024-2025 49 FW Otto Stange
55%
2009-2010 22 FW Ruud van Nistelrooy
55%
2010-2011 22 FW Ruud van Nistelrooy
55%
2008-2009 25 MF Tomás Rincón
55%
2009-2010 25 MF Tomás Rincón
55%
2010-2011 25 MF Tomás Rincón
55%
2011-2012 8 MF Tomás Rincón
55%
2012-2013 8 MF Tomás Rincón
55%
2013-2014 8 MF Tomás Rincón
55%
2016-2017 7 FW Bobby Wood
54%
2017-2018 7 FW Bobby Wood
54%
2019-2020 11 FW Bobby Wood
54%
2020-2021 11 FW Bobby Wood
54%
2024-2025 8 MF Daniel Elfadli
54%
2024-2025 29 FW Emir Sahiti
54%
2023-2024 6 MF Lukasz Poreba
54%
2024-2025 6 MF Lukasz Poreba
54%
2010-2011 2 DF Dennis Diekmeier
53%
2011-2012 2 DF Dennis Diekmeier
53%
2012-2013 2 DF Dennis Diekmeier
53%
2013-2014 2 DF Dennis Diekmeier
53%
2014-2015 2 DF Dennis Diekmeier
53%
2015-2016 2 DF Dennis Diekmeier
53%
2016-2017 2 DF Dennis Diekmeier
53%
2017-2018 2 DF Dennis Diekmeier
53%
2007-2008 19 DF Jérôme Boateng
53%
2008-2009 19 DF Jérôme Boateng
53%
2009-2010 17 DF Jérôme Boateng
53%
2022-2023 8 MF László Bénes
53%
2023-2024 8 MF László Bénes
53%
2000-2001 14 FW Sergej Barbarez
53%
2001-2002 14 FW Sergej Barbarez
53%
2002-2003 14 FW Sergej Barbarez
53%
2003-2004 10 FW Sergej Barbarez
53%
2004-2005 10 FW Sergej Barbarez
53%
2005-2006 10 FW Sergej Barbarez
53%
2023-2024 5 DF Dennis Hadzikadunic
52%
2024-2025 5 DF Dennis Hadzikadunic
52%
2009-2010 11 FW Eljero Elia
52%
2010-2011 11 FW Eljero Elia
52%
2011-2012 11 FW Eljero Elia
52%
2016-2017 17 MF Filip Kostić
52%
2017-2018 17 MF Filip Kostić
52%
2015-2016 23 FW Michael Gregoritsch
52%
2016-2017 11 FW Michael Gregoritsch
52%
2011-2012 3 DF Michael Mancienne
52%
2012-2013 3 DF Michael Mancienne
52%
2013-2014 3 DF Michael Mancienne
52%
2020-2021 3 DF Moritz Heyer
52%
2021-2022 3 DF Moritz Heyer
52%
2022-2023 3 DF Moritz Heyer
52%
2023-2024 3 DF Moritz Heyer
52%
2024-2025 3 DF Moritz Heyer
52%
2024-2025 30 DF Silvan Hefti
52%
2009-2010 8 MF Zé Roberto
52%
2010-2011 8 MF Zé Roberto
52%
2005-2006 20 DF Guy Demel
51%
2006-2007 20 DF Guy Demel
51%
2007-2008 20 DF Guy Demel
51%
2008-2009 20 DF Guy Demel
51%
2009-2010 20 DF Guy Demel
51%
2010-2011 20 DF Guy Demel
51%
2016-2017 12 MF Walace
51%
2017-2018 12 MF Walace
51%
2016-2017 31 GK Christian Mathenia
48%
2017-2018 1 GK Christian Mathenia
48%
2013-2014 5 DF Johan Djourou
48%
2014-2015 5 DF Johan Djourou
48%
2015-2016 5 DF Johan Djourou
48%
2016-2017 5 DF Johan Djourou
48%
2000-2001 15 FW Mehdi Mahdavikia
48%
2001-2002 15 FW Mehdi Mahdavikia
48%
2002-2003 15 FW Mehdi Mahdavikia
48%
2003-2004 7 FW Mehdi Mahdavikia
48%
2004-2005 7 FW Mehdi Mahdavikia
48%
2005-2006 7 FW Mehdi Mahdavikia
48%
2006-2007 7 FW Mehdi Mahdavikia
48%
2005-2006 28 MF Nigel de Jong
48%
2006-2007 28 MF Nigel de Jong
48%
2007-2008 8 MF Nigel de Jong
48%
2008-2009 8 MF Nigel de Jong
48%
2015-2016 4 DF Emir Spahic
47%
2016-2017 4 DF Emir Spahic
47%
2008-2009 21 FW Jonathan Pitroipa
47%
2009-2010 21 FW Jonathan Pitroipa
47%
2010-2011 21 FW Jonathan Pitroipa
47%
2017-2018 13 GK Julian Pollersbeck
47%
2018-2019 1 GK Julian Pollersbeck
47%
2019-2020 33 GK Julian Pollersbeck
47%
2007-2008 7 FW Mohamed Zidan
47%
2014-2015 21 MF Valon Behrami
47%
2019-2020 21 DF Tim Leibold
46%
2020-2021 21 DF Tim Leibold
46%
2021-2022 21 DF Tim Leibold
46%
2022-2023 21 DF Tim Leibold
46%
2007-2008 22 FW Eric-Maxim Choupo-Moting
45%
2009-2010 22 FW Eric-Maxim Choupo-Moting
45%
2010-2011 17 FW Eric-Maxim Choupo-Moting
45%
2010-2011 44 MF Gojko Kacar
45%
2011-2012 44 MF Gojko Kacar
45%
2012-2013 44 MF Gojko Kacar
45%
2014-2015 40 MF Gojko Kacar
45%
2015-2016 40 MF Gojko Kacar
45%
2023-2024 13 DF Gui Ramos
45%
2024-2025 20 MF Marco Richter
45%
2020-2021 9 FW Simon Terodde
45%
2004-2005 5 DF Daniel Van Buyten
44%
2005-2006 5 DF Daniel Van Buyten
44%
2011-2012 5 DF Jeffrey Bruma
44%
2012-2013 5 DF Jeffrey Bruma
44%
2019-2020 19 FW Joel Pohjanpalo
44%
2021-2022 16 GK Marko Johansson
44%
2012-2013 14 MF Milan Badelj
44%
2013-2014 14 MF Milan Badelj
44%
2022-2023 33 DF Noah Katterbach
44%
2023-2024 33 DF Noah Katterbach
44%
2024-2025 33 DF Noah Katterbach
44%
2019-2020 10 MF Sonny Kittel
44%
2020-2021 10 MF Sonny Kittel
44%
2021-2022 10 MF Sonny Kittel
44%
2022-2023 10 MF Sonny Kittel
44%
2020-2021 24 MF Amadou Onana
43%
2024-2025 45 FW Fabio Baldé
43%
2017-2018 40 FW Fiete Arp
43%
2018-2019 15 FW Fiete Arp
43%
2023-2024 21 FW Levin Öztunali
43%
2022-2023 20 FW András Németh
42%
2023-2024 20 FW András Németh
42%
2000-2001 1 GK Hans Jörg Butt
42%
2011-2012 11 FW Ivo Ilicevic
42%
2012-2013 11 FW Ivo Ilicevic
42%
2013-2014 11 FW Ivo Ilicevic
42%
2014-2015 11 FW Ivo Ilicevic
42%
2015-2016 7 FW Ivo Ilicevic
42%
2011-2012 25 MF Per Ciljan Skjelbred
42%
2012-2013 25 MF Per Ciljan Skjelbred
42%
2020-2021 35 DF Stephan Ambrosius
42%
2023-2024 35 DF Stephan Ambrosius
42%
2019-2020 22 FW Martin Harnik
41%
2012-2013 19 MF Petr Jiracek
41%
2013-2014 19 MF Petr Jiracek
41%
2014-2015 19 MF Petr Jiracek
41%
2020-2021 26 GK Sven Ulreich
41%
2019-2020 2 DF Jan Gyamerah
40%
2020-2021 2 DF Jan Gyamerah
40%
2021-2022 2 DF Jan Gyamerah
40%
2018-2019 5 DF David Bates
39%
2006-2007 2 DF Juan Pablo Sorín
38%
2007-2008 2 DF Juan Pablo Sorín
38%
2016-2017 13 DF Mergim Mavraj
38%
2017-2018 5 DF Mergim Mavraj
38%
2011-2012 17 FW Gökhan Töre
37%
2013-2014 28 DF Jonathan Tah
37%
2017-2018 23 MF Sejad Salihovic
36%
2011-2012 23 DF Slobodan Rajković
36%
2012-2013 24 DF Slobodan Rajković
36%
2013-2014 24 DF Slobodan Rajković
36%
2014-2015 32 DF Slobodan Rajković
36%
2005-2006 3 DF Thimothée Atouba
36%
2006-2007 3 DF Thimothée Atouba
36%
2007-2008 3 DF Thimothée Atouba
36%
2008-2009 3 DF Thimothée Atouba
36%
2021-2022 8 MF Tommy Doyle
36%
2019-2020 8 DF Jeremy Dudziak
35%
2020-2021 8 DF Jeremy Dudziak
35%
2018-2019 7 FW Khaled Narey
35%
2019-2020 7 FW Khaled Narey
35%
2020-2021 7 FW Khaled Narey
35%
2004-2005 21 DF Khalid Boulahrouz
35%
2005-2006 21 DF Khalid Boulahrouz
35%
2018-2019 25 MF Orel Mangala
35%
2007-2008 34 FW Sidney Sam
35%
2015-2016 28 DF Gideon Jung
34%
2016-2017 28 DF Gideon Jung
34%
2017-2018 28 DF Gideon Jung
34%
2018-2019 28 DF Gideon Jung
34%
2019-2020 28 DF Gideon Jung
34%
2020-2021 28 DF Gideon Jung
34%
2011-2012 22 MF Jacopo Sala
34%
2012-2013 22 MF Jacopo Sala
34%
2024-2025 24 DF Lucas Perrin
34%
2000-2001 11 MF Niko Kovac
34%
2013-2014 25 FW Ola John
34%
2016-2017 23 MF Alen Halilovic
33%
2023-2024 22 DF Ignace Van der Brempt
33%
2001-2002 28 MF Collin Benjamin
32%
2002-2003 16 MF Collin Benjamin
32%
2003-2004 8 MF Collin Benjamin
32%
2004-2005 28 MF Collin Benjamin
32%
2006-2007 30 MF Collin Benjamin
32%
2007-2008 30 MF Collin Benjamin
32%
2008-2009 30 MF Collin Benjamin
32%
2009-2010 30 MF Collin Benjamin
32%
2010-2011 30 MF Collin Benjamin
32%
2020-2021 20 MF Klaus Gjasula
32%
2019-2020 16 FW Lukas Hinterseer
32%
2020-2021 16 FW Lukas Hinterseer
32%
2014-2015 17 MF Zoltán Stieber
32%
2021-2022 7 MF Giorgi Chakvetadze
31%
2001-2002 30 MF Raphael Wicky
31%
2002-2003 6 MF Raphael Wicky
31%
2003-2004 6 MF Raphael Wicky
31%
2004-2005 6 MF Raphael Wicky
31%
2005-2006 6 MF Raphael Wicky
31%
2006-2007 6 MF Raphael Wicky
31%
2022-2023 17 FW Xavier Amaechi
31%
2003-2004 4 DF Bastian Reinhardt
29%
2004-2005 4 DF Bastian Reinhardt
29%
2005-2006 4 DF Bastian Reinhardt
29%
2006-2007 4 DF Bastian Reinhardt
29%
2007-2008 4 DF Bastian Reinhardt
29%
2008-2009 4 DF Bastian Reinhardt
29%
2018-2019 23 FW Jairo Samperio
29%
2019-2020 23 FW Jairo Samperio
29%
2020-2021 34 DF Jonas David
29%
2021-2022 34 DF Jonas David
29%
2022-2023 34 DF Jonas David
29%
2015-2016 18 FW Josip Drmic
29%
2014-2015 22 MF Matthias Ostrzolek
29%
2015-2016 22 MF Matthias Ostrzolek
29%
2016-2017 22 MF Matthias Ostrzolek
29%
2000-2001 30 DF Tomas Ujfalusi
29%
2001-2002 21 DF Tomas Ujfalusi
29%
2002-2003 21 DF Tomas Ujfalusi
29%
2003-2004 21 DF Tomas Ujfalusi
29%
2009-2010 3 DF David Rozehnal
28%
2015-2016 9 FW Sven Schipplock
28%
2017-2018 19 FW Sven Schipplock
28%
2009-2010 19 MF Tolgay Arslan
28%
2011-2012 28 MF Tolgay Arslan
28%
2012-2013 18 MF Tolgay Arslan
28%
2013-2014 18 MF Tolgay Arslan
28%
2014-2015 8 MF Tolgay Arslan
28%
2017-2018 29 MF Matti Steinmann
27%
2018-2019 29 MF Matti Steinmann
27%
2002-2003 32 FW Naohiro Takahara
27%
2003-2004 32 FW Naohiro Takahara
27%
2004-2005 32 FW Naohiro Takahara
27%
2005-2006 32 FW Naohiro Takahara
27%
2017-2018 11 FW André Hahn
26%
2004-2005 11 FW Benjamin Lauth
26%
2005-2006 11 FW Benjamin Lauth
26%
2006-2007 11 FW Benjamin Lauth
26%
2004-2005 25 FW Emile Mpenza
26%
2005-2006 25 FW Emile Mpenza
26%
2013-2014 31 FW Jacques Zoua
26%
2016-2017 16 MF Vasilije Janjicic
26%
2017-2018 16 MF Vasilije Janjicic
26%
2018-2019 16 MF Vasilije Janjicic
26%
2021-2022 46 MF Elijah Krahn
25%
2022-2023 46 MF Elijah Krahn
25%
2023-2024 46 MF Elijah Krahn
25%
2018-2019 27 DF Josha Vagnoman
25%
2019-2020 27 DF Josha Vagnoman
25%
2020-2021 27 DF Josha Vagnoman
25%
2021-2022 27 DF Josha Vagnoman
25%
2018-2019 19 FW Manuel Wintzheimer
25%
2020-2021 19 FW Manuel Wintzheimer
25%
2021-2022 19 FW Manuel Wintzheimer
25%
2003-2004 17 FW Alexander Meier
24%
2021-2022 11 FW Mikkel Kaufmann
24%
2014-2015 31 DF Ronny Marcos
24%
2007-2008 32 MF Änis Ben-Hatira
23%
2008-2009 32 MF Änis Ben-Hatira
23%
2010-2011 31 MF Änis Ben-Hatira
23%
2011-2012 31 MF Änis Ben-Hatira
23%
2022-2023 16 DF Javi Montero
23%
2009-2010 13 MF Robert Tesche
23%
2010-2011 13 MF Robert Tesche
23%
2011-2012 13 MF Robert Tesche
23%
2012-2013 13 MF Robert Tesche
23%
2013-2014 37 MF Robert Tesche
23%
2019-2020 6 MF David Kinsombi
22%
2020-2021 6 MF David Kinsombi
22%
2021-2022 6 MF David Kinsombi
22%
2018-2019 20 FW Hee-chan Hwang
22%
2016-2017 15 FW Luca Waldschmidt
22%
2017-2018 15 FW Luca Waldschmidt
22%
2019-2020 25 DF Timo Letschert
22%
2009-2010 35 FW Tunay Torun
22%
2010-2011 35 FW Tunay Torun
22%
2006-2007 17 FW Boubacar Sanogo
21%
2007-2008 17 FW Boubacar Sanogo
21%
2012-2013 21 FW Maximilian Beister
21%
2013-2014 21 FW Maximilian Beister
21%
2014-2015 25 MF Mohamed Gouaida
21%
2023-2024 47 DF Nicolas Oliveira
21%
2000-2001 27 MF Rodolfo Cardoso
21%
2001-2002 27 MF Rodolfo Cardoso
21%
2002-2003 27 MF Rodolfo Cardoso
21%
2003-2004 27 MF Rodolfo Cardoso
21%
2020-2021 37 DF Toni Leistner
21%
2011-2012 38 MF Zhi Gin Lam
21%
2012-2013 17 MF Zhi Gin Lam
21%
2013-2014 17 MF Zhi Gin Lam
21%
2001-2002 9 FW Bernardo Romeo
20%
2002-2003 9 FW Bernardo Romeo
20%
2003-2004 9 FW Bernardo Romeo
20%
2004-2005 9 FW Bernardo Romeo
20%
2000-2001 17 FW Anthony Yeboah
19%
2001-2002 17 FW Anthony Yeboah
19%
2014-2015 39 FW Ashton Götz
19%
2018-2019 41 MF Berkay Özcan
19%
2019-2020 5 DF Ewerton
19%
2003-2004 29 GK Stefan Wächter
19%
2004-2005 29 GK Stefan Wächter
19%
2005-2006 1 GK Stefan Wächter
19%
2006-2007 1 GK Stefan Wächter
19%
2021-2022 48 FW Faride Alidou
18%
2013-2014 6 MF Ouasim Bouy
18%
2007-2008 18 FW Romeo Castelen
18%
2009-2010 18 FW Romeo Castelen
18%
2019-2020 29 MF Adrian Fein
17%
2019-2020 20 MF Louis Schaub
17%
2000-2001 12 MF Stig Tøfting
17%
2001-2002 12 MF Stig Tøfting
17%
2008-2009 2 DF Alex Silva
16%
2005-2006 12 GK Sascha Kirschstein
16%
2006-2007 12 GK Sascha Kirschstein
16%
2007-2008 6 MF Vadis Odjidja-Ofoe
16%
2003-2004 11 FW Vyacheslav Hleb
15%
2004-2005 29 FW Vyacheslav Hleb
15%
2005-2006 24 FW Aílton
14%
2010-2011 34 MF Muhamed Besic
14%
2007-2008 28 MF Otto Addo
14%
2000-2001 31 GK Mathias Schober
13%
2021-2022 41 DF Maximilian Rohr
13%
2022-2023 31 DF Maximilian Rohr
13%
2008-2009 16 DF Michael Gravgaard
13%
2004-2005 24 DF Miso Brecko
13%
2007-2008 24 DF Miso Brecko
13%
2020-2021 45 FW Robin Meißner
13%
2021-2022 22 FW Robin Meißner
13%
2008-2009 27 MF Thiago Neves
13%
2005-2006 26 DF Volker Schmidt
13%
2009-2010 12 GK Wolfgang Hesl
13%
2000-2001 20 DF Bernd Hollerbach
12%
2001-2002 20 DF Bernd Hollerbach
12%
2002-2003 20 DF Bernd Hollerbach
12%
2003-2004 20 DF Bernd Hollerbach
12%
2018-2019 2 DF Léo Lacroix
12%
2001-2002 1 GK Martin Pieckenhagen
12%
2002-2003 1 GK Martin Pieckenhagen
12%
2003-2004 1 GK Martin Pieckenhagen
12%
2004-2005 1 GK Martin Pieckenhagen
12%
2015-2016 30 GK Andreas Hirzel
11%
2002-2003 3 DF Christian Rahn
11%
2003-2004 3 DF Christian Rahn
11%
2004-2005 3 DF Christian Rahn
11%
2022-2023 7 FW Filip Bilbija
11%
2002-2003 13 FW Kim Christensen
11%
2000-2001 5 DF Nico-Jan Hoogma
11%
2001-2002 5 DF Nico-Jan Hoogma
11%
2002-2003 5 DF Nico-Jan Hoogma
11%
2003-2004 5 DF Nico-Jan Hoogma
11%
2012-2013 20 MF Paul Scharner
11%
2008-2009 8 FW Albert Streit
9%
2006-2007 38 FW Danijel Ljuboja
9%
2000-2001 33 FW Erik Meijer
9%
2001-2002 11 FW Erik Meijer
9%
2002-2003 11 FW Erik Meijer
9%
2011-2012 30 GK Sven Neuhaus
9%
2003-2004 16 GK Tom Starke
9%
2018-2019 13 MF Christoph Moritz
8%
2019-2020 13 MF Christoph Moritz
8%
2008-2009 24 MF Marcel Ndjeng
8%
2008-2009 28 MF Mickaël Tavares
8%
2009-2010 28 MF Mickaël Tavares
8%
2004-2005 16 DF René Klingbeil
8%
2005-2006 16 DF René Klingbeil
8%
2006-2007 16 DF René Klingbeil
8%
2003-2004 22 MF Stefan Beinlich
8%
2004-2005 22 MF Stefan Beinlich
8%
2005-2006 22 MF Stefan Beinlich
8%
2002-2003 24 DF Stephan Kling
8%
2003-2004 24 DF Stephan Kling
8%
2004-2005 15 DF Stephan Kling
8%
2013-2014 16 DF Lasse Sobiech
7%
2001-2002 2 DF Marcel Maltritz
7%
2002-2003 2 DF Marcel Maltritz
7%
2003-2004 2 DF Marcel Maltritz
7%
2000-2001 9 FW Marek Heinz
7%
2001-2002 9 FW Marek Heinz
7%
2002-2003 23 FW Marek Heinz
7%
2005-2006 8 MF Markus Karl
7%
2015-2016 21 FW Nabil Bahoui
7%
2020-2021 42 MF Ogechika Heil
7%
2000-2001 22 FW Roy Präger
7%
2001-2002 22 FW Roy Präger
7%
2000-2001 13 MF Andreas Fischer
6%
2000-2001 3 DF Andrej Panadic
6%
2001-2002 3 DF Andrej Panadic
6%
2006-2007 33 MF Benny Feilhaber
6%
2019-2020 15 DF Jordan Beyer
6%
2001-2002 16 DF René Schneider
6%
2001-2002 19 MF Roda Antar
6%
2002-2003 19 MF Roda Antar
6%
2004-2005 8 MF Almami Moreira
5%
2003-2004 15 DF Björn Schlicke
5%
2004-2005 2 DF Björn Schlicke
5%
2001-2002 10 MF Jörg Albertz
5%
2002-2003 10 MF Jörg Albertz
5%
2002-2003 12 DF Lars Jacobsen
5%
2003-2004 12 DF Lars Jacobsen
5%
2000-2001 28 MF Marcel Ketelaer
5%
2001-2002 8 MF Marcel Ketelaer
5%
2000-2001 7 MF Martin Groth
5%
2001-2002 7 MF Martin Groth
5%
2002-2003 8 DF Michael Baur
5%
2000-2001 37 DF Milan Fukal
5%
2001-2002 18 DF Milan Fukal
5%
2002-2003 18 DF Milan Fukal
5%
2003-2004 18 DF Milan Fukal
5%
2004-2005 19 FW Mustafa Kucukovic
5%
2005-2006 19 FW Mustafa Kucukovic
5%
2005-2006 24 DF Reto Ziegler
5%
2002-2003 22 MF Cristian Ledesma
4%
2000-2001 4 DF Ingo Hertzsch
4%
2001-2002 4 DF Ingo Hertzsch
4%
2002-2003 4 DF Ingo Hertzsch
4%
2000-2001 6 DF Jan Sandmann
4%
2000-2001 2 DF Jochen Kientz
4%
2000-2001 24 FW Mahmut Yilmaz
4%
2000-2001 26 FW Marinus Bester
4%
2001-2002 26 FW Marinus Bester
4%
2006-2007 13 MF Mario Fillinger
4%
2002-2003 17 MF Richard Kitzbichler
4%
2000-2001 18 DF Ronald Maul
4%
2004-2005 18 MF Oliver Hampel
3%
No matching quizzes found
Score Distribution
Percent of People with Each Score
Percentile by Number Answered
Your Score History
You have not taken this quiz since the last reset